| 000 | 00930nmm a2200289 a 4500 | ||
|---|---|---|---|
| 001 | ocm0002015854 | ||
| 003 | TR-IsHL | ||
| 005 | 20201028181037.0 | ||
| 008 | 181229s2015 tu tur | ||
| 007 | cr cn | ||
| 020 | _a9786059241120 | ||
| 035 |
_a2015854 _b(N$T) |
||
| 050 | 0 | 4 |
_aPL248.G877 _bB55 2015 |
| 090 | 0 | 4 |
_aPL248.G877 _bB55 2015 |
| 100 | 1 | _aGürpınar, Hüseyin Rahmi | |
| 245 | 1 | 0 |
_aBillur kalp _h[electronic resource] / _cHüseyin Rahmi Gürpınar ; sadeleştiren Osman Sevim |
| 250 | _a1. Basım | ||
| 260 |
_aIstanbul : _bBilgi Kültür Sanat, _c2015 |
||
| 300 | _a382 p. | ||
| 650 | 4 | _aDil ve Edebiyat | |
| 650 | 4 | _aLanguage and Literature | |
| 650 | 0 | _aTürk romanı | |
| 650 | 0 | _aTurkish fiction | |
| 650 | 7 |
_aLITERARY COLLECTIONS / Middle Eastern _2bisacsh |
|
| 700 | 1 | _aSevim, Osman | |
| 856 | 4 | 0 | _uhttp://search.ebscohost.com/login.aspx?direct=true&scope=site&db=e011xww&AN=2015854 |
| 999 |
_c19422 _d19422 |
||